000 00649cam a2200229 4500
001 B2107
008 090401t1988 xxu||||| |||| 00| 0 eng d
035 _a(Sirsi) u48036
041 _aeng
050 _a692.9
100 _aNdekugri, I.E.
245 _aSub-contractor control: the key to sucessful construction
260 _aAscot,Berks
_bChartered Institute of Building
_c1988
300 _a6p. ; 30cm.
350 _a0
490 _aTechnical Information Service
_v98
520 _aPaper based on an entry to the 1987 Ian Murray Leslie Awards .
650 _aMANAGEMENT
650 _aSUBCONTRACTORS
942 _n0
948 _c04/03/1997
999 _c92268
_d92268